SPSS منهجية و أساليب البحث العلمي و تحليل البيانات بإستخدام البرنامج الإحصائي / (رقم التسجيلة. 116915)

تفاصيل مارك
000 -الفاتح
عناصر البيانات ثابتة الطول 00884cam a2200217 i 4500
005 - تاريخ ووقت آخر معاملة
حقل ضبط 20251108174737.0
008 - عناصر البيانات ثابتة الطول
عناصر البيانات ثابتة الطول 250721s2008 jo gr 000 0 ara d
020 ## - الترقيم الدولي المعياري للكتب (ردمك)
الترقيم الدولي المعياري للكتب (ردمك) 9789957323875
082 14 - رقم تصنيف ديوي العشري
رقم التصنيف 001.422
رقم المادة ق ا ض
100 1# - مدخل رئيسي – اسم شخصي
الاسم الشخصي القاضي، دلال
علاقة الشخص بالعمل/ دوره مؤلف.
245 10 - بيان العنوان
العنوان SPSS منهجية و أساليب البحث العلمي و تحليل البيانات بإستخدام البرنامج الإحصائي /
بيان المسؤولية إعداد د. دلال القاضي، د. محمود البياتي.
246 11 - الأشكال المختلفة للعنوان
العنوان الفعلي/العنوان المختصر methodology & techniques of scientific research and data analysis using SPSS
250 ## - بيان الطبعة
بيان الطبعة الطبعة الأولى.
300 ## - الوصف المادي
عدد الوحدات المكونة للوعاء 328 صفحة.
650 17 - مدخل إضافي بالموضوع - مصطلح موضوعي
مصطلح موضوعي أو اسم جغرافي كعنصر مدخل الأبحاث.
650 17 - مدخل إضافي بالموضوع - مصطلح موضوعي
مصطلح موضوعي أو اسم جغرافي كعنصر مدخل البحث التطبيقي.
650 17 - مدخل إضافي بالموضوع - مصطلح موضوعي
مصطلح موضوعي أو اسم جغرافي كعنصر مدخل أساليب البحث.
700 1# - مدخل إضافي - اسم شخصي
الاسم الشخصي البياتي، محمود
علاقة الشخص بالعمل/ دوره معد.
942 ## - بيانات إضافية (كوها)
نوع التنصيف Dewey Decimal Classification
نوع المادة (كوها) كتب
المقتنيات
حالة السحب حالة الفقدان مصدر التصنيف حالة التلف غير قابل للإعارة المكتبة الرئيسية المكتبة الحالية موقع الرف تاريخ التزويد الرقم المتسلسل Total Checkouts رقم الإستدعاء الباركود تاريخ آخر ظهور تاريخ الفاتورة نوع المادة (كوها)
    Dewey Decimal Classification     المكتبة المركزية المكتبة المركزية الإعارة 28/07/2025 1302060   001.422 / ق ا ض PLD00099629 28/07/2025 28/07/2025 كتب
    Dewey Decimal Classification     مكتبة أبو علندا العامة مكتبة أبو علندا العامة الإعارة 02/07/2009 1302062   001.422/قاض PLD00099753 28/07/2025 02/07/2009 كتب
    Dewey Decimal Classification     مكتبة الأميرة ايمان العامة مكتبة الأميرة ايمان العامة الإعارة 02/07/2009 1302063   001.422/قاض PLD00099754 28/07/2025 02/07/2009 كتب
    Dewey Decimal Classification     مكتبة ومركز فرح مكتبة ومركز فرح الإعارة 02/07/2009 1302069   001.422/قاض PLD00099760 28/07/2025 02/07/2009 كتب
Implemented & Customized by: BBB with SCIT (Smart Chains for Information Technology)

Powered by Koha